Lo que dice y no dice la Nota Knox /
Guardado en:
| Autor principal: | |
|---|---|
| Formato: | Texto |
| Materias: | |
| Etiquetas: |
Agregar Etiqueta
Sin Etiquetas, Sea el primero en etiquetar este registro!
|
MARC
| LEADER | 00000 a a2200000 04500 | ||
|---|---|---|---|
| 001 | 46256 | ||
| 003 | |||
| 040 | |||
| 090 | |a REV1052 (22) 2007 | ||
| 100 | |a Esgueva, Antonio | ||
| 245 | |a Lo que dice y no dice la Nota Knox / |c Antonio Esgueva | ||
| 650 | |a HISTORIA POLITICA | ||
| 650 | |a CONFLICTOS POLITICOS | ||
| 650 | |a POLITICA GUBERNAMENTAL | ||
| 650 | |a POLITICA INTERNACIONAL | ||
| 650 | |a RELACIONES ECONOMICAS INTERNACIONALES | ||
| 650 | |a GEOPOLITICA | ||
| 650 | |a INTERVENCION EXTRANJERA | ||
| 650 | |a JOSE SANTOS ZELAYA | ||
| 650 | |a NICARAGUA | ||
| 773 | |g número22 (2007), Páginas 85-116. | ||
| 999 | |c 36877 |d 36877 | ||
